Responses for show #6869 - Thursday, June 26, 2014

Contestants

[<< previous game]

Patti Youngblood, a grocery clerk from Copper Canyon, Texas

Ari Voukydis, a comedy writer from Los Angeles, California

Jennifer Blanton, an attorney from San Diego, California (whose 2-day cash winnings total $38,400)

[next game >>]

Jeopardy! Round responses

A VISIT WITH GEORGE STEPHANOPOULOS
(Alex: ...from ABC television.)
THEY OWN IT
BROADWAY TITLE NOUNS
CAIRO
THE BALD & THE BEAUTIFUL
THE "IRON" AGE
    $200 21
the NSA (National Security Agency)

Jennifer
    $200 7
Procter & Gamble

Jennifer
    $200 1
Gun

Patti
    $200 28
the Nile

Ari
    $200 16
Paul Shaffer

Jennifer
    $200 4
Iron Maiden

Jennifer
    $400 22
Diane Sawyer

Jennifer
    $400 8
Mars

Jennifer
    $400 2
Wagon

Jennifer
    $400 30
a subway

Jennifer
    $400 17
Yul Brynner

Patti
    $400 10
an ironclad

Ari
    $600 23
the Redskins

Jennifer
    $600 9
General Mills

Ari
    $600 3
Boots

Ari
    $600 26
(Ari: Oh... What is Liberty Square?)
...
(Alex: It's called simply [*].)

The Square

Ari
Triple Stumper
    $600 18
Holy Roman Emperor

Patti
    $600 11
the Flatiron Building

Ari
    $800 24
(Ari: [Imitating Russian accent] Who is [*]?)
(Alex: Correct.)
[Laughter]
(Alex: [Imitating Russian accent] I love the, uh, the accent you use. Karasho, karasho. Pick.)

Putin

Ari
    $800 14
Coca-Cola

Jennifer
    $800 5
Mattress

Jennifer
    $800 27
papyrus

Jennifer
    $800 19
(Ari: Who is Studdard?)

Chris Daughtry

JenniferAri
    $800 12
the Iron Curtain

Patti
    $1000 25
(Alex: And our thanks, of course, to George Stephanopoulos.)

Ahmadinejad

Ari
    $1000 15
Pfizer

Jennifer
    $1000 6
Woods

Jennifer
    $2,000 29
Saladin (Salah al-Din)

Ari
    $1000 20
James Carville

Jennifer
    $1000 13
(Patti: Oh, no. [Shakes her head] Mnh-mnh.)
(Alex: No? That's too bad.)

a branding iron

Patti
Triple Stumper

Scores at the first commercial break (after clue 15):

Jennifer Ari Patti
$4,800 $2,200 $0

Scores at the end of the Jeopardy! Round:

Jennifer Ari Patti
$9,200 $4,800 $1,000

Double Jeopardy! Round responses

THAT WRITER KILLS ME!
(Alex: We want you players to identify the writer who created the character that gets bumped off.)
LAKES & RIVERS
"K" ROCK
DOUGH NATION
HOMOPHONIC PAIRS
THE IRON AGE
(Alex: ...but this time "iron" is not in quotation marks.)
    $400 6
Louisa May Alcott

Jennifer
    $400 2
(Jennifer: What is Australia?)

New Zealand

JenniferPatti
    $400 10
Katrina

Jennifer
    $400 1
peso

Jennifer
    $400 20
right Wright

Ari
    $400 14
the Iliad

Jennifer
    $800 7
Margaret Mitchell

Patti
    $1,200 3
the Ohio River

Patti
    $800 11
"Killing Me Softly With His Song"

Jennifer
    $800 23
dinar

Jennifer
    $800 17
wine whine

Ari
    $800 15
smelting

Triple Stumper
    $1200 8
(Jennifer: Ah... [shakes her head]... no.)

William Styron

Jennifer
Triple Stumper
    $1200 4
Lake Geneva

Jennifer
    $1200 12
The Kingsmen

Patti
    $1200 24
rupees

Jennifer
    $1200 18
thrown throne

Ari
    $1200 16
the Phoenicians

Ari
    $1600 9
(Patti: Who was, um... mmm!)

Charles Dickens

JenniferPatti
    $1600 5
(Jennifer: What is the River Shannon?)

the (River) Liffey

Jennifer
Triple Stumper
    $1600 13
Kings of Leon

Jennifer
    $500 25
the bolivar

Jennifer
    $1600 19
wrap rap

Jennifer
    $1600 27
(Ari: Who are the Gauls?)
(Jennifer: Who are... the... Saxons?)

the Celts

JenniferAri
Triple Stumper
    $2000 30
Emily Bronte

Jennifer
    $2000 22
New Brunswick

Jennifer
    $2000 29
"Kiss"

Ari
    $2000 26
[Alex interpolates "the letter" before "Q" when reading the clue.]

quetzal

Triple Stumper
    $2000 21
ball bawl

Triple Stumper
    $2000 28
the Hittites

Triple Stumper

Scores at the end of the Double Jeopardy! Round:

Jennifer Ari Patti
$19,300 $8,800 $3,000
(lock game)

[wagering suggestions for these scores]

Final Jeopardy! Round responses

SCIENCE & INDUSTRY
(Alex: And it's a European whose name has become synonymous with peace.)
PattiWho is Carnegie
$2,500
AriWho is This handsome gentleman? ↑
$2,700
JenniferWho is
$700
Alfred Nobel

Final scores:

Jennifer Ari Patti
$18,600 $6,100 $500
3-day champion: $57,000 2nd place: $2,000 3rd place: $1,000

Game dynamics:

Coryat scores:

Jennifer Ari Patti
$20,400 $7,800 $2,600
30 R
(including 1 DD),
4 W
13 R
(including 1 DD),
3 W
8 R
(including 1 DD),
2 W

Combined Coryat: $30,800

The J! Archive is created by fans, for fans. The Jeopardy! game show and all elements thereof, including but not limited to copyright and trademark thereto, are the property of Jeopardy Productions, Inc. and are protected under law. This website is not affiliated with, sponsored by, or operated by Jeopardy Productions, Inc. Join the discussion at JBoard.tv.